Most Common First Letters of Countries In Order - Statistics

General Stats
  • This quiz has been taken 48 times
  • The average score is 9 of 24
Answer Stats
Letter % Correct
26 S
90%
17 B
81%
17 C
81%
17 M
68%
11 A
65%
12 T
61%
1 O
39%
1 Q
39%
1 Y
39%
11 G
35%
11 N
35%
9 L
32%
2 Z
32%
5 D
23%
9 P
23%
4 R
23%
7 U
23%
3 F
19%
4 V
19%
8 E
16%
3 J
16%
3 H
13%
8 I
10%
6 K
10%
No matching quizzes found
Score Distribution
Percent of People with Each Score
Percentile by Number Answered
Your Score History
You have not taken this quiz